| 000 | 00775cam a2200253 4500 | ||
|---|---|---|---|
| 008 | 000000n2001 000 0 eng u | ||
| 020 | _a0105637009 | ||
| 035 | _a(Sirsi) u110276 | ||
| 050 | _a346.410435 | ||
| 245 | _aCountryside and Rights of Way Act 2000 : explanatory notes. | ||
| 260 |
_aLondon _bStationery Office _c2001 |
||
| 300 | _a51p. ; 30cm. | ||
| 350 | _a7.95 | ||
| 650 | _aCOUNTRYSIDE AND RIGHTS OF WAY ACT 2000 | ||
| 650 | _aACCESS TO THE COUNTRYSIDE | ||
| 650 | _aRIGHTS OF WAY | ||
| 650 | _aCOUNTRYSIDE | ||
| 650 |
_aRural _96268 |
||
| 650 | _aLAW | ||
| 650 | _aCOMMON LAND | ||
| 690 |
_aBoundary disputes _96221 |
||
| 856 |
_uhttps://www.legislation.gov.uk/ukpga/2000/37/notes/contents _zAvailable from legislation.gov.uk |
||
| 942 |
_n0 _2ddc |
||
| 999 |
_c101085 _d101085 |
||